000 00691cam a22002411 4500
001 1395
003 BD-RjUL
005 20211208233330.0
008 131125s1951 enka g 00| 0 eng d
035 _a(BD-RjUL)1417
040 _aDLC
_cFMU
_dDLC
_dBD-RjUL
_beng
041 _aeng
082 0 4 _a150
_216
_bBAM 1951
100 1 _aBartlett, Frederic C.
_q(Frederic Charles),
_d1887-1969.
_94129
245 1 4 _aThe mind at work and play /
_cFrederic C. Bartlett.
260 _aLondon :
_bAllen and Unwin,
_c1951.
300 _a143 p.
_billus.
_c23 cm.
504 _aIncludes Index.
650 0 _aPsychophysiology.
_93788
942 _2ddc
_cBK
999 _c1395
_d1395